000 00490cam a22001577a 4500
008 180718b1962 xxu||||| |||| 00| 0 eng d
082 _aB19x73 W248c
100 _aWarner,Lloyd W.
245 _aCorporation in the emergent American society
_cby W.Lloyd Warner
260 _aNew York
_bHarper and brothers
_c1962
300 _axviii,64p.
500 _a$3.00
650 _aUnited States --Social conditions
650 _aIndustries --Social aspects
650 _aCorporations --United States
999 _c419591
_d419591